00421cam a2200157ua 45000010005000000080039000050400009000440820008000531000024000612450051000852500009001362600057001453000017002026530015002196530029002342339110806n ii |||gr||||Z||||||eng cMAIN a150 aCasson, Herbert N.,1 aHow to understand human cby Herbert N. Casson a6th. aBombay:bD. B. Taraporevala sons & co. pvt. ltd,960. a112p:c23cm. apsychology aHow to understand human